Music Quiz

Random Music or Bands Quiz

Musicians by First Name Quiz Stats

 Plays Quiz Updated Aug 31, 2014

Support Sporcle.
Go Orange.
Score 0/24 Timer 08:00
0 Plays Today
Hint Answer % Correct
JOHNJohn Lennon
96.4%
GEORGEGeorge Harrison
95.3%
JOHNJohnny Cash
90.4%
DAVIDDavid Bowie
88.7%
GEORGEGeorge Michael
84.1%
GEORGEBoy George
80.5%
PETERPeter Gabriel
74.1%
DAVIDDavy Jones
73.7%
GEORGEGeorge Jones
73.2%
DAVIDDavid Grohl
72.8%
JOHNJohn Denver
72.5%
JOHNJohnny Rotten
70.9%
Hint Answer % Correct
DAVIDDavid Lee Roth
70.1%
JOHNJohn Bonham
66.5%
GEORGEGeorge Gershwin
62.1%
JOHNJohn Fogerty
61.9%
PETERPeter Frampton
51.4%
GEORGEGeorge Clinton
50.1%
DAVIDDavid Byrne
46.5%
DAVIDDavid Gilmour
46.3%
PETERPeter Cetera
44.8%
PETERPeter Criss
40.9%
PETERPeter Buck
26.1%
PETERPeter Green
20.6%

You're not logged in!

Compare scores with friends on all Sporcle quizzes.
OR
Log In

From the Vault

Word Cloud Titles II

by ubergerber

Get these words out of the clouds and back in the books where they belong.
Remove Ads.
Support Sporcle.
Get the best of Sporcle when you Go Orange. This ad-free experience offers more features, more stats, and more fun while also helping to support Sporcle. Thank you for becoming a member.

Show Comments

Extras

Top Quizzes Today


Score Distribution

Your Account Isn't Verified!

In order to create a playlist on Sporcle, you need to verify the email address you used during registration. Go to your Sporcle Settings to finish the process.

Report this User

Report this user for behavior that violates our Community Guidelines.

Details: